Agua y educación: (Registro nro. 7323)
[ vista simple ]
| 000 -CABECERA | |
|---|---|
| Campo de control | 01258nam a22002417a 4500 |
| 005 - FECHA Y HORA DE LA ULTIMA TRANSACCION | |
| Campo de control | 20200104041616.0 |
| 008 - ELEMENTOS DE LONGITUD FIJA—INFORMACION GENERAL | |
| Campo de control | 130624t2012 ck ||||gr|||| 00| 0 spa d |
| 020 ## - ISBN | |
| ISBN | 9781888631517 |
| 040 ## - FUENTE DE CATALOGACIÓN | |
| Agencia catalogadora original | CO-BoIAVH |
| Agencia transcriptora | CO-BoIAVH |
| 041 ## - IDIOMA | |
| Código de idioma para texto/pista de sonido o título separado | Español |
| 082 #4 - NUMERO DE CLASIFICACION DECIMAL DEWEY | |
| Número de clasificación | 372.357 |
| Número del ítem | P96a |
| 110 2# - ASIENTO PRINCIPAL--NOMBRE CORPORATIVO | |
| Nombre corporativo o de jurisdicción como elemento de entrada | Programa Hidrológico Internacional de la UNESCO |
| Unidad subordinad | PHI, Fundación del Proyecto WET Internacional |
| 9 (RLIN) | 54983 |
| 245 00 - MENCION DE TITULO | |
| Título | Agua y educación: |
| Parte restante del título | guía general para docentes de las Américas y el Caribe |
| 260 ## - PUBLICACION, DISTRIBUCION, ETC. (PIE DE IMPRENTA) | |
| Lugar de publicación, distribución, etc. | Montevideo, Uruguay |
| Nombre del editor, distribuidor, etc. | Bozeman, Oficina Regional de la UNESCO para América Latina y el Caribe y Fundación del Proyecto WET Internacional. |
| Fecha de publicación, distribución, etc. | 2010 |
| 300 ## - DESCRIPCION FISICA | |
| Extensión | xxii., 210 paginas. |
| Otros detalles físicos | il., mapas |
| Dimensiones | 28 cms. |
| 500 ## - NOTA GENERAL | |
| Nota general | Diseño y ajuste contexto para Colombia: Instituto de Hidrología, Meteorología Estudios Ambientales - IDEAM - Colombia 2012. |
| 504 ## - NOTA DE BIBLIOGRAFIA, ETC. | |
| Nota de bibliografía | Incluye índice y glosario |
| 505 ## - NOTA DE CONTENIDO | |
| Nota de contenido | Durantel el IV Foro Mundial del Agua, celebrado en la ciudad de México en marzo de 2006, se firmó un Memorándum de Entendimiento entre el ¨Programa Hidrológico Internacional de la UNESCO (PHI), para elaborar la presente guía. |
| 650 #6 - ASIENTO SECUNDARIO DE MATERIA - TERMINO TEMATICO | |
| Término temático o nombre geográfico como elemento de entrada | Agua |
| 9 (RLIN) | 161 |
| 650 #6 - ASIENTO SECUNDARIO DE MATERIA - TERMINO TEMATICO | |
| Término temático o nombre geográfico como elemento de entrada | Educación Ambiental |
| 9 (RLIN) | 162 |
| 650 #6 - ASIENTO SECUNDARIO DE MATERIA - TERMINO TEMATICO | |
| Término temático o nombre geográfico como elemento de entrada | Material didáctico |
| 9 (RLIN) | 163 |
| 942 ## - ELEMENTOS ADICIONALES (KOHA) | |
| Sistema de clasificación | Dewey Decimal Classification |
| Tipo de ítem | Libro |
| Koha issues (borrowed), all copies | 1 |
| Withdrawn status | Lost status | Sistema de Clasificación | Damaged status | No para préstamo | Colección | Inventariado | Ubicación Permanente | Ubicación actual | Fecha de adquisición | Fuente de Valor | Valor | Total Checkouts | Número topográfico | Inventario / Código de Barras | Date last seen | Ejemplar | Price effective from | Forma de adquisición | Tipo de material | Date checked out |
|---|---|---|---|---|---|---|---|---|---|---|---|---|---|---|---|---|---|---|---|---|
| Dewey Decimal Classification | General | Inventariado 2017 | Bogotá | Bogotá | 24/06/2013 | Instituto | 39000.00 | 1 | LB-372.357 P96a | 058065 | 27/03/2017 | Ej. 1 | 24/06/2013 | Canje | Libro | 27/03/2017 | ||||
| Dewey Decimal Classification | Educación Ambiental | Inventariado 2017 | Sala Fabio Quevedo | Sala Fabio Quevedo | 24/06/2013 | Instituto | 39000.00 | EA-00136 | 058064 | 24/06/2013 | Ej. 2 | 24/06/2013 | Canje | Libro |